[Event "interzonal (w)"]
[Site "Azov URS"]
[Date "1990.??.??"]
[Round "4"]
[White "Finegold, Gina"]
[Black "Botsari, Anna-Maria"]
[Result "0-1"]
[WhiteElo "2025"]
[BlackElo "2205"]
[EventDate "1990.06.??"]
[PlyCount "112"]

1.d4 Nf6 2.c4 e6 3.Nc3 d5 4.Bg5 Nbd7 5.e3 c6 6.Nf3 Qa5 7.Qc2 Ne4 8.cxd5 
exd5 9.Bd3 Nxg5 10.Nxg5 h6 11.Nf3 Bd6 12.O-O O-O 13.e4 dxe4 14.Nxe4 Be7 
15.a3 Nf6 16.Nc5 Qd8 17.h3 Nd5 18.Rad1 Bd6 19.b4 a5 20.Bc4 axb4 21.Bxd5 
cxd5 22.axb4 b6 23.Nd3 Bf5 24.Qb3 Be4 25.Nde5 Qe8 26.Rd2 Ra4 27.Nh2 Rxb4 
28.Qc3 Ra4 29.Rb2 b5 30.f3 Bf5 31.Re1 Qa8 32.g4 b4 33.Qd2 Bh7 34.Nd7 Re8 
35.Rxe8+ Qxe8 36.Nc5 Ra1+ 37.Kg2 Qe1 38.Qxe1 Rxe1 39.Nf1 Rb1 40.Rxb1 Bxb1 
41.Ne3 Ba2 42.Nd3 Kf8 43.Kf2 Ke8 44.Ke2 Kd7 45.Kd2 Bc4 46.Nb2 Bf4 47.Nd1 
Kc6 48.Kc2 Kb5 49.h4 g6 50.Ng2 Bc7 51.Nde3 Bb6 52.h5 Bxd4 53.Nxc4 dxc4 54.
hxg6 b3+ 55.Kb1 fxg6 56.Nh4 c3 0-1

[Event "interzonal (w)"]
[Site "Azov URS"]
[Date "1990.??.??"]
[Round "4"]
[White "Madl, Ildiko"]
[Black "Klimova-Richtrova, Eliska"]
[Result "0-1"]
[WhiteElo "2390"]
[BlackElo "2355"]
[EventDate "1990.06.??"]
[PlyCount "88"]

1.e4 e5 2.Nf3 Nc6 3.Bb5 a6 4.Ba4 Nf6 5.O-O Be7 6.Re1 b5 7.Bb3 d6 8.c3 O-O 
9.h3 Na5 10.Bc2 c5 11.d4 cxd4 12.cxd4 Qc7 13.Nbd2 Bb7 14.d5 Rac8 15.Bd3 
Nd7 16.Nf1 f5 17.exf5 Nc5 18.Bb1 Nc4 19.Ne3 Nb6 20.Nh2 Bg5 21.Nhf1 Qf7 22.
a3 Kh8 23.Ba2 e4 24.Qg4 Bxe3 25.Nxe3 Rfe8 26.Rd1 Qf6 27.Qh5 Rf8 28.Qg4 
Rfe8 29.Qg3 Nd3 30.Ng4 Qxf5 31.Be3 Nxd5 32.Bd4 N5f4 33.Qe3 d5 34.Bb1 h5 
35.Nh2 Re6 36.Kh1 Rf8 37.Rf1 Qg5 38.Qg3 Rg6 39.Qxg5 Rxg5 40.h4 Rxg2 41.
Bxd3 exd3 42.Rad1 Rg6 43.Nf3 Rg4 44.Rg1 Nh3 0-1

[Event "interzonal (w)"]
[Site "Azov URS"]
[Date "1990.??.??"]
[Round "4"]
[White "Peng Zhaoqin"]
[Black "Basagic, Vesna"]
[Result "1-0"]
[WhiteElo "2305"]
[BlackElo "2270"]
[EventDate "1990.06.??"]
[PlyCount "95"]

1.c4 Nf6 2.Nf3 e6 3.g3 d5 4.Bg2 c5 5.O-O Nc6 6.d4 dxc4 7.Qa4 cxd4 8.Nxd4 
Qxd4 9.Bxc6+ bxc6 10.Qxc6+ Qd7 11.Qxa8 Bc5 12.Nc3 O-O 13.Qf3 Bb7 14.e4 Qc8
15.Be3 Bb4 16.Bd4 Nxe4 17.Nxe4 f5 18.Qf4 Bxe4 19.Bxa7 Qb7 20.Bd4 Rd8 21.
Qe5 Qd7 22.Bb6 Rc8 23.Rad1 Bd3 24.Qe3 Qc6 25.Bd4 Qd7 26.a3 Ba5 27.Bb6 Bxb6
28.Qxb6 Re8 29.Rfe1 e5 30.b3 c3 31.Qc5 c2 32.Qxc2 Bxc2 33.Rxd7 Bxb3 34.Rb7
Bc2 35.f3 e4 36.Kf2 Ra8 37.Rc1 Bd3 38.Rcc7 Kh8 39.Ra7 Rb8 40.Rab7 Ra8 41.
Ke3 h6 42.a4 Rxa4 43.Rxg7 Ra3 44.Rh7+ Kg8 45.Rbg7+ Kf8 46.Ra7 Ba6+ 47.Kf4 
Kg8 48.Rhc7 1-0

[Event "interzonal (w)"]
[Site "Azov URS"]
[Date "1990.??.??"]
[Round "4"]
[White "Uskova, Fliura"]
[Black "Galliamova, Alisa"]
[Result "1-0"]
[WhiteElo "2290"]
[BlackElo "2365"]
[EventDate "1990.06.??"]
[PlyCount "75"]

1.e4 c5 2.Nf3 d6 3.d4 cxd4 4.Nxd4 Nf6 5.Nc3 Nc6 6.Bc4 e6 7.Be3 Be7 8.Qe2 
O-O 9.O-O-O a6 10.Bb3 Nd7 11.f4 Nc5 12.Rhf1 Bd7 13.f5 Nxb3+ 14.axb3 Rc8 
15.Nxc6 Rxc6 16.Bd4 Bg5+ 17.Kb1 b5 18.f6 e5 19.fxg7 Kxg7 20.Be3 f5 21.exf5
Bxe3 22.f6+ Rxf6 23.Qxe3 Bf5 24.Rf2 Bg6 25.Rdf1 Rxf2 26.Rxf2 Rc7 27.Qb6 
Qd7 28.Qxa6 e4 29.Qa8 Qe7 30.Nd5 Ra7 31.Qb8 e3 32.Nxe7 exf2 33.Qg8+ Kf6 
34.Qf8+ Bf7 35.Nd5+ Kg6 36.Qxd6+ Kg7 37.Qf6+ Kg8 38.Qxf2 1-0

[Event "interzonal (w)"]
[Site "Azov URS"]
[Date "1990.??.??"]
[Round "5"]
[White "Botsari, Anna-Maria"]
[Black "Peng Zhaoqin"]
[Result "0-1"]
[WhiteElo "2205"]
[BlackElo "2305"]
[EventDate "1990.06.??"]
[PlyCount "110"]

1.d4 Nf6 2.c4 g6 3.Nc3 Bg7 4.e4 d6 5.f3 c5 6.d5 O-O 7.Bg5 e6 8.Qd2 exd5 9.
cxd5 a6 10.a4 Re8 11.Nge2 Nbd7 12.Nd1 Ne5 13.Nec3 Qa5 14.Ra3 h5 15.Be2 Nh7
16.Be3 Qb4 17.a5 Bd7 18.Na4 f5 19.Nb6 Rad8 20.Qxb4 cxb4 21.Rb3 fxe4 22.
fxe4 Nf6 23.Rxb4 Bg4 24.Nf2 Re7 25.Nxg4 Nexg4 26.Bg5 Rde8 27.Bd3 Rxe4+ 28.
Bxe4 Nxe4 29.Bf4 Ng3+ 30.Kd2 Re2+ 31.Kc1 Nxh1 32.Bxd6 Nhf2 33.Rb3 Re1+ 34.
Kd2 Rd1+ 35.Ke2 Rg1 36.Kf3 Rf1 37.Ke2 Rc1 38.h3 Rc2+ 39.Kf3 Nf6 40.Bf4 
N2e4 41.Rb4 g5 42.Bb8 Nc5 43.d6 Kf7 44.g4 h4 45.Bc7 Ke6 46.Rd4 Nfd7 47.Rd1
Bxb2 48.Nxd7 Nxd7 49.Re1+ Ne5+ 50.Ke4 Bc1 51.Rd1 Rc4+ 52.Rd4 Rxd4+ 53.Kxd4
Nf3+ 54.Ke4 Ng1 55.Bb6 Nxh3 0-1

[Event "interzonal (w)"]
[Site "Azov URS"]
[Date "1990.??.??"]
[Round "5"]
[White "Burtman, Sharon"]
[Black "Madl, Ildiko"]
[Result "0-1"]
[WhiteElo "2045"]
[BlackElo "2390"]
[EventDate "1990.06.??"]
[PlyCount "46"]

1.d4 Nf6 2.c4 e6 3.g3 c5 4.Nf3 cxd4 5.Nxd4 d5 6.Bg2 e5 7.Nf3 d4 8.O-O Nc6 
9.e3 d3 10.Nc3 Bf5 11.e4 Nxe4 12.Nxe4 Bxe4 13.Re1 f5 14.Nxe5 Nxe5 15.Bxe4 
fxe4 16.Rxe4 Bd6 17.c5 Bc7 18.f4 O-O 19.fxe5 Kh8 20.Qe1 Qd5 21.b4 Bxe5 22.
Rb1 Bd4+ 23.Rxd4 Qxd4+ 0-1

[Event "interzonal (w)"]
[Site "Azov URS"]
[Date "1990.??.??"]
[Round "5"]
[White "Galliamova, Alisa"]
[Black "Chelushkina, Irina"]
[Result "1-0"]
[WhiteElo "2365"]
[BlackElo "2315"]
[EventDate "1990.06.??"]
[PlyCount "122"]

1.Nf3 Nf6 2.c4 c5 3.g3 Nc6 4.Bg2 e6 5.O-O Be7 6.d4 d5 7.cxd5 exd5 8.Nc3 
O-O 9.dxc5 Bxc5 10.Bg5 d4 11.Bxf6 Qxf6 12.Nd5 Qd8 13.Nd2 Re8 14.Rc1 Bb6 
15.Re1 Bf5 16.Nc4 Be4 17.Bxe4 Rxe4 18.Ndxb6 axb6 19.Qb3 Re6 20.Nd2 Qe7 21.
Nf3 h6 22.Kf1 Re8 23.Qb5 Qd7 24.Rcd1 Rd6 25.Kg2 Qd8 26.Rd2 Ree6 27.b4 Rf6 
28.Red1 Rd5 29.Qc4 b5 30.Qb3 Rdf5 31.Rc1 Qe7 32.Rf1 g5 33.Kg1 Qe4 34.Qd3 
Qxd3 35.Rxd3 Rd5 36.Rb1 g4 37.Ne1 Ne5 38.Ra3 Re6 39.Ra8+ Kg7 40.Ng2 Ng6 
41.Re1 Rc6 42.Rd1 Re5 43.e3 d3 44.Rd8 Re4 45.Rd4 Rc4 46.Rxe4 Rxe4 47.a3 
Rc4 48.Ne1 Ne5 49.Nxd3 Nf3+ 50.Kg2 Rc3 51.Nf4 Rxa3 52.h3 Ra2 53.hxg4 Ne5 
54.Nh5+ Kf8 55.Nf6 Kg7 56.Nh5+ Kf8 57.Nf6 Kg7 58.Rd6 Rb2 59.Nh5+ Kf8 60.
Nf6 Rxb4 61.Rb6 Kg7 1-0

[Event "interzonal (w)"]
[Site "Azov URS"]
[Date "1990.??.??"]
[Round "5"]
[White "Kachiani, Ketino"]
[Black "Battsetseg, Tsagaan"]
[Result "1-0"]
[WhiteElo "2365"]
[BlackElo "2230"]
[EventDate "1990.06.??"]
[PlyCount "92"]

1.d4 Nf6 2.c4 g6 3.Nc3 Bg7 4.e4 d6 5.Be2 O-O 6.Bg5 h6 7.Be3 c5 8.d5 e6 9.
Qd2 exd5 10.cxd5 Kh7 11.f3 a6 12.a4 Qa5 13.Ra3 Nbd7 14.Nh3 Ne5 15.Nf2 Qb4 
16.O-O Bd7 17.Rfa1 Qa5 18.Qd1 g5 19.Bd2 Qc7 20.a5 Rfb8 21.g3 Rg8 22.Qb1 
Kh8 23.b4 c4 24.Be3 Bb5 25.Kh1 Qd7 26.Qd1 Rae8 27.Qd2 Qe7 28.Bd4 Qd7 29.
Rg1 Re7 30.Raa1 Qe8 31.Rae1 Ng6 32.Bd1 Nd7 33.Be3 f6 34.f4 Bf8 35.Bh5 Qd8 
36.Bd4 Kh7 37.Bg4 Reg7 38.Bf5 Qc7 39.Ng4 Rf7 40.Be6 Rgg7 41.Bxf7 Rxf7 42.
Ref1 Bg7 43.Qc2 Qd8 44.Ne3 Qf8 45.Nf5 Bh8 46.Qe2 Ne7 1-0

[Event "interzonal (w)"]
[Site "Azov URS"]
[Date "1990.??.??"]
[Round "5"]
[White "Basagic, Vesna"]
[Black "Amura, Claudia"]
[Result "1/2-1/2"]
[WhiteElo "2270"]
[BlackElo "2285"]
[EventDate "1990.06.??"]
[PlyCount "53"]

1.d4 Nf6 2.c4 e6 3.Nc3 d5 4.Bg5 Be7 5.e3 O-O 6.Qc2 c6 7.cxd5 exd5 8.Bd3 
Nbd7 9.Nge2 Re8 10.O-O g6 11.f3 Nf8 12.Rad1 Be6 13.e4 Rc8 14.Qd2 a6 15.e5 
Nh5 16.Bxe7 Qxe7 17.f4 Ng7 18.Ng3 f5 19.Na4 Nd7 20.b4 b5 21.Nc5 Ra8 22.
Nxd7 Qxd7 23.Ne2 a5 24.bxa5 Qa7 25.Rc1 Bd7 26.a4 bxa4 27.a6 1/2-1/2

[Event "interzonal (w)"]
[Site "Azov URS"]
[Date "1990.??.??"]
[Round "5"]
[White "Prudnikova, Svetlana"]
[Black "Finegold, Gina"]
[Result "1-0"]
[WhiteElo "2265"]
[BlackElo "2025"]
[EventDate "1990.06.??"]
[PlyCount "45"]

1.d4 d5 2.c4 e5 3.dxe5 d4 4.Nf3 Nc6 5.g3 Be6 6.Nbd2 Qd7 7.Bg2 O-O-O 8.O-O 
h5 9.h4 Nh6 10.Qa4 Kb8 11.Ng5 Nxe5 12.Qb3 Nc6 13.Nxe6 Qxe6 14.Bd5 Qd7 15.
Nf3 Na5 16.Qc2 c6 17.Ne5 Qc7 18.Bg2 Bd6 19.Nd3 c5 20.a3 Nc6 21.b4 Ne5 22.
bxc5 Bxc5 23.Nxe5 1-0

[Event "interzonal (w)"]
[Site "Azov URS"]
[Date "1990.??.??"]
[Round "5"]
[White "Klimova-Richtrova, Eliska"]
[Black "Brustman, Agnieszka"]
[Result "1-0"]
[WhiteElo "2355"]
[BlackElo "2325"]
[EventDate "1990.06.??"]
[PlyCount "121"]

1.d4 Nf6 2.Nf3 g6 3.c4 Bg7 4.Nc3 O-O 5.e4 d6 6.h3 e5 7.d5 Nbd7 8.Be3 Nc5 
9.Nd2 a5 10.g4 c6 11.f3 Bd7 12.Nb3 cxd5 13.cxd5 Na4 14.Nxa4 Bxa4 15.Qd2 
Nd7 16.Bd3 Kh8 17.h4 Bxb3 18.axb3 Nc5 19.Bxc5 dxc5 20.Qc3 b6 21.Bb5 Qe7 
22.O-O-O Rad8 23.Qd3 Rd6 24.Kb1 Kg8 25.Rdg1 Rfd8 26.Qe2 Rf8 27.Rg2 Kh8 28.
Qd3 Kg8 29.Qe3 Kh8 30.Rh3 Kg8 31.Qg1 Kh8 32.g5 f6 33.Rgh2 Kg8 34.Qg2 Qd8 
35.Rh1 Qe7 36.Rg3 Qd8 37.Qh3 Qe7 38.Rhg1 Qd8 39.h5 fxg5 40.Rxg5 Qf6 41.
hxg6 h6 42.Rf5 Qe7 43.Rxf8+ Bxf8 44.Qc8 Kg7 45.Qe8 Rd8 46.Qxe7+ Bxe7 47.
Kc2 Bg5 48.Rd1 Kxg6 49.d6 Kf6 50.Kc3 Ke6 51.d7 Rf8 52.Kc4 Bd8 53.Rh1 Rh8 
54.Rh5 Bg5 55.Ba4 Kd6 56.Rh1 h5 57.Rg1 Bf4 58.Rg6+ Ke7 59.Kd5 h4 60.Re6+ 
Kf7 61.Re8 1-0

[Event "interzonal (w)"]
[Site "Azov URS"]
[Date "1990.??.??"]
[Round "5"]
[White "Salazar Varon, Adriana"]
[Black "Arakhamia, Ketevan"]
[Result "0-1"]
[WhiteElo "2115"]
[BlackElo "2385"]
[EventDate "1990.06.??"]
[PlyCount "74"]

1.e4 c5 2.Nc3 Nc6 3.g3 g6 4.Bg2 Bg7 5.d3 d6 6.f4 e6 7.Nf3 Nge7 8.O-O O-O 
9.Be3 Nd4 10.Qd2 b6 11.Nh4 Bb7 12.Nd1 f5 13.c3 Nb5 14.a4 Nc7 15.Nf2 Rb8 
16.d4 fxe4 17.Nxe4 Nf5 18.Nxf5 gxf5 19.Ng5 h6 20.Nf3 Nd5 21.Bf2 Nf6 22.Qe2
Qe7 23.Rfe1 Rfe8 24.Rad1 Bc6 25.a5 bxa5 26.dxc5 dxc5 27.Ne5 Bxg2 28.Kxg2 
Qb7+ 29.Kg1 Qxb2 30.Qxb2 Rxb2 31.Bxc5 Ne4 32.Bxa7 Bxe5 33.fxe5 Ng5 34.Rf1 
Re2 35.Bd4 Rb8 36.c4 Rb3 37.Rf4 Nh3+ 0-1

[Event "interzonal (w)"]
[Site "Azov URS"]
[Date "1990.??.??"]
[Round "5"]
[White "Voiska, Margarita"]
[Black "Uskova, Fliura"]
[Result "1/2-1/2"]
[WhiteElo "2335"]
[BlackElo "2290"]
[EventDate "1990.06.??"]
[PlyCount "48"]

1.d4 Nf6 2.Nf3 e6 3.c4 c5 4.d5 exd5 5.cxd5 d6 6.Nc3 g6 7.e4 Bg7 8.Bd3 O-O 
9.O-O Bg4 10.h3 Bxf3 11.Qxf3 a6 12.a4 Nbd7 13.Qd1 Re8 14.Re1 Rc8 15.Bf4 
Ne5 16.Bf1 Nfd7 17.a5 c4 18.Ra4 Nc5 19.Bxe5 Bxe5 20.Rxc4 Bxc3 21.Rxc3 Rxe4
22.Rxc5 Rxe1 23.Rxc8 Rxf1+ 24.Kxf1 Qxc8 1/2-1/2

[Event "interzonal (w)"]
[Site "Azov URS"]
[Date "1990.??.??"]
[Round "6"]
[White "Amura, Claudia"]
[Black "Madl, Ildiko"]
[Result "0-1"]
[WhiteElo "2285"]
[BlackElo "2390"]
[EventDate "1990.06.??"]
[PlyCount "130"]

1.d4 Nf6 2.c4 e6 3.Nc3 Bb4 4.Qc2 O-O 5.Bg5 c5 6.e3 cxd4 7.exd4 d5 8.Nf3 
Nc6 9.Rd1 h6 10.Bxf6 Qxf6 11.a3 Bxc3+ 12.Qxc3 Bd7 13.Bd3 dxc4 14.Bxc4 Rac8
15.O-O Rfd8 16.Qe3 Ne7 17.Ne5 Nf5 18.Qe2 Bc6 19.f4 Bd5 20.Bxd5 Rxd5 21.Qe4
Qd8 22.Nf3 Qb6 23.Rf2 a5 24.Rfd2 Rb5 25.Qe2 Rb3 26.Ne5 Rd8 27.Nc4 Qb5 28.
Kf2 Qd5 29.Ne5 Ne3 30.Rg1 f6 31.Nf3 Nc4 32.Rc2 Rxf3+ 33.Qxf3 Qxd4+ 34.Kg3 
Qxg1 35.Rxc4 Qb1 36.Qe2 Qd3+ 37.Qxd3 Rxd3+ 38.Kh4 Rd2 39.Rc8+ Kf7 40.b3 
Rd3 41.Rc5 Rxb3 42.Rxa5 Kg6 43.g3 f5 44.Ra8 Rb2 45.h3 Rb3 46.a4 Rb4 47.Re8
Kf7 48.Rb8 Rxa4 49.Rxb7+ Kf6 50.Kh5 Ra3 51.h4 g6+ 52.Kxh6 Rxg3 53.Rb8 Rg4 
54.Rf8+ Ke7 55.Ra8 Rxh4+ 56.Kg7 Rxf4 57.Ra7+ Kd6 58.Kxg6 Re4 59.Kg5 Kd5 
60.Ra5+ Kd4 61.Ra4+ Ke3 62.Ra3+ Ke2 63.Ra2+ Kf3 64.Ra3+ Re3 65.Ra4 Kg3 0-1

[Event "interzonal (w)"]
[Site "Azov URS"]
[Date "1990.??.??"]
[Round "6"]
[White "Arakhamia, Ketevan"]
[Black "Klimova-Richtrova, Eliska"]
[Result "0-1"]
[WhiteElo "2385"]
[BlackElo "2355"]
[EventDate "1990.06.??"]
[PlyCount "120"]

1.e4 e5 2.Nf3 d6 3.d4 Nf6 4.Nc3 Nbd7 5.Be2 c6 6.a4 Be7 7.O-O O-O 8.Re1 b6 
9.Bg5 Bb7 10.Qd2 Re8 11.Rad1 Qc7 12.Bc4 a6 13.d5 c5 14.Qe2 h6 15.Bc1 Nh7 
16.g3 Bg5 17.Nxg5 hxg5 18.h3 Bc8 19.Kg2 Ndf8 20.Rh1 Ng6 21.Qh5 Qe7 22.Be2 
Rb8 23.Qf3 Qb7 24.Qd3 Rf8 25.Rh2 Ne7 26.h4 g4 27.h5 f5 28.exf5 Bxf5 29.
Qxa6 Qxa6 30.Bxa6 Bxc2 31.Rd2 Bb3 32.Be2 Nf6 33.Bd1 Bc4 34.b3 Nexd5 35.Nb1
Ba6 36.Kg1 Bb7 37.Rh4 Ne4 38.Rc2 Nb4 39.Re2 Nf6 40.Rd2 Bf3 41.Bxf3 gxf3 
42.Rxd6 Rbd8 43.Rd2 Rxd2 44.Bxd2 Rd8 45.Kh2 Rd3 46.Bxb4 Rxb3 47.Bxc5 bxc5 
48.Nd2 Rb2 49.Ne4 Nxe4 50.Rxe4 Re2 51.Rc4 Rxf2+ 52.Kg1 Rg2+ 53.Kf1 Kf7 54.
Rc3 e4 55.Ra3 c4 56.a5 Kf6 57.a6 c3 58.Rxc3 Ra2 59.Rc4 Kf5 60.g4+ Kf4 0-1

[Event "interzonal (w)"]
[Site "Azov URS"]
[Date "1990.??.??"]
[Round "6"]
[White "Brustman, Agnieszka"]
[Black "Burtman, Sharon"]
[Result "1-0"]
[WhiteElo "2325"]
[BlackElo "2045"]
[EventDate "1990.06.??"]
[PlyCount "71"]

1.e4 Nf6 2.e5 Nd5 3.d4 d6 4.Nf3 Bg4 5.Be2 e6 6.O-O Be7 7.c4 Nb6 8.Nc3 O-O 
9.h3 Bh5 10.Be3 d5 11.c5 Bxf3 12.gxf3 Nc8 13.f4 Bh4 14.Bd3 f5 15.exf6 Qxf6
16.Qb3 Nc6 17.Qd1 N8e7 18.Qg4 Nd8 19.Ne2 Nf7 20.Kh1 Nh6 21.Qg2 Nhf5 22.
Rad1 Qh6 23.Ng1 Rf6 24.Nf3 Rg6 25.Qh2 Bg3 26.fxg3 Rxg3 27.h4 Qh5 28.Be2 
Qg4 29.Ng5 Qxe2 30.Qxe2 Rxe3 31.Qf2 Ng3+ 32.Kg2 Nef5 33.Qxe3 Nxe3+ 34.Kxg3
Nxd1 35.Rxd1 c6 36.Re1 1-0

[Event "interzonal (w)"]
[Site "Azov URS"]
[Date "1990.??.??"]
[Round "6"]
[White "Chelushkina, Irina"]
[Black "Voiska, Margarita"]
[Result "0-1"]
[WhiteElo "2315"]
[BlackElo "2335"]
[EventDate "1990.06.??"]
[PlyCount "72"]

1.c4 Nf6 2.Nc3 g6 3.d4 Bg7 4.e4 d6 5.Be2 O-O 6.Be3 e5 7.d5 Nbd7 8.g4 Nc5 
9.f3 Ne8 10.h4 f5 11.b4 Nd7 12.g5 a5 13.a3 c6 14.Rc1 Nb8 15.Na4 axb4 16.
axb4 Kh8 17.Bd3 fxe4 18.fxe4 Na6 19.Nb6 Nxb4 20.Nxa8 Qa5 21.Rc3 Nxd5 22.
cxd5 Qxc3+ 23.Qd2 Qa1+ 24.Qc1 Qxa8 25.h5 gxh5 26.Rxh5 Qa5+ 27.Bd2 Qb6 28.
Be3 Qb4+ 29.Qd2 Qxd2+ 30.Kxd2 Kg8 31.dxc6 bxc6 32.Bc4+ Kh8 33.Ne2 Nc7 34.
g6 d5 35.Bb3 Be6 36.Bh6 hxg6 0-1

[Event "interzonal (w)"]
[Site "Azov URS"]
[Date "1990.??.??"]
[Round "6"]
[White "Finegold, Gina"]
[Black "Kachiani, Ketino"]
[Result "1/2-1/2"]
[WhiteElo "2025"]
[BlackElo "2365"]
[EventDate "1990.06.??"]
[PlyCount "78"]

1.d4 Nf6 2.c4 e6 3.Nc3 Bb4 4.Qc2 O-O 5.Bg5 c5 6.e3 h6 7.Bh4 cxd4 8.exd4 
Nc6 9.Rd1 d5 10.Nf3 Be7 11.Ne5 Bd7 12.Be2 dxc4 13.Bxc4 Rc8 14.Qe2 a6 15.
O-O b5 16.Bb3 Qc7 17.Nxd7 Nxd7 18.Bg3 Qa7 19.d5 exd5 20.Bxd5 Nf6 21.Bxc6 
Rxc6 22.Nd5 Nxd5 23.Rxd5 Rfc8 24.Be5 Rc1 25.Rxc1 Rxc1+ 26.Rd1 Qc5 27.Bc3 
Rxd1+ 28.Qxd1 b4 29.Bd4 Qf5 30.Be3 Bf6 31.b3 Qe4 32.g3 Kh7 33.Qd2 h5 34.
Qe2 h4 35.Qxa6 Qb1+ 36.Kg2 Qe4+ 37.Kg1 Qb1+ 38.Kg2 Qe4+ 39.Kg1 Qb1+ 
1/2-1/2

[Event "interzonal (w)"]
[Site "Azov URS"]
[Date "1990.??.??"]
[Round "6"]
[White "Basagic, Vesna"]
[Black "Botsari, Anna-Maria"]
[Result "0-1"]
[WhiteElo "2270"]
[BlackElo "2205"]
[EventDate "1990.06.??"]
[PlyCount "32"]

1.e4 e5 2.Nc3 Nf6 3.Bc4 Nc6 4.d3 Bb4 5.Ne2 d5 6.exd5 Nxd5 7.O-O Bxc3 8.
bxc3 O-O 9.f4 Bg4 10.h3 Nxc3 11.Qe1 Nxe2+ 12.Kh2 Qd6 13.Qh4 Be6 14.f5 e4+ 
15.g3 Bxc4 16.dxc4 f6 0-1

[Event "interzonal (w)"]
[Site "Azov URS"]
[Date "1990.??.??"]
[Round "6"]
[White "Peng Zhaoqin"]
[Black "Prudnikova, Svetlana"]
[Result "1-0"]
[WhiteElo "2305"]
[BlackElo "2265"]
[EventDate "1990.06.??"]
[PlyCount "69"]

1.d4 Nf6 2.c4 e6 3.Nc3 Bb4 4.Qc2 c5 5.dxc5 Bxc5 6.Nf3 Qb6 7.e3 Qc7 8.Be2 
a6 9.O-O b6 10.a3 Bb7 11.b4 Be7 12.Bb2 d6 13.e4 O-O 14.Nd2 Nbd7 15.Qd3 
Rac8 16.Rac1 Rfd8 17.f4 Qb8 18.Qh3 Qa7 19.Kh1 d5 20.cxd5 exd5 21.e5 Ne4 
22.Bd3 Qa8 23.Rce1 a5 24.Ndxe4 dxe4 25.Nxe4 axb4 26.e6 Nf8 27.exf7+ Kxf7 
28.Ng5+ Ke8 29.Bb5+ Bc6 30.Bxc6+ Qxc6 31.Bxg7 Rd2 32.Bxf8 Kxf8 33.Nxh7+ 
Kf7 34.Qh5+ Kg8 35.Rf3 1-0

[Event "interzonal (w)"]
[Site "Azov URS"]
[Date "1990.??.??"]
[Round "6"]
[White "Uskova, Fliura"]
[Black "Salazar Varon, Adriana"]
[Result "1-0"]
[WhiteElo "2290"]
[BlackElo "2115"]
[EventDate "1990.06.??"]
[PlyCount "71"]

1.d4 Nf6 2.c4 d6 3.Nc3 Nbd7 4.g3 e5 5.Nf3 c6 6.e4 Be7 7.Bg2 O-O 8.O-O Re8 
9.h3 a5 10.b3 Qc7 11.Bb2 Bf8 12.Qc2 exd4 13.Nxd4 Nc5 14.Rae1 a4 15.b4 a3 
16.Bc1 Na6 17.Qb3 d5 18.exd5 Rxe1 19.Rxe1 Nxb4 20.dxc6 bxc6 21.Bf4 Qa7 22.
Nxc6 Nxc6 23.Bxc6 Bxh3 24.Bxa8 Ng4 25.c5 Qxa8 26.Qd5 Qa5 27.Re8 Nf6 28.Qd8
Qxc5 29.Bd6 Qxd6 30.Qxd6 Nxe8 31.Qd8 Nf6 32.Nb5 Be6 33.Nxa3 Bxa2 34.Nb5 
Be6 35.Nd4 Bc4 36.Nc6 1-0

[Event "interzonal (w)"]
[Site "Azov URS"]
[Date "1990.??.??"]
[Round "7"]
[White "Galliamova, Alisa"]
[Black "Finegold, Gina"]
[Result "1-0"]
[WhiteElo "2365"]
[BlackElo "2025"]
[EventDate "1990.06.??"]
[PlyCount "67"]

1.Nf3 d5 2.c4 c6 3.e3 Nf6 4.d4 g6 5.Nc3 Bg7 6.Bd3 O-O 7.O-O Bg4 8.h3 Bxf3 
9.Qxf3 Qd6 10.Rd1 Nbd7 11.Qe2 Rad8 12.c5 Qb8 13.f4 Ne8 14.b4 e6 15.Bd2 f6 
16.e4 dxe4 17.Nxe4 Nc7 18.Nd6 e5 19.fxe5 fxe5 20.Bg5 e4 21.Bc4+ Nd5 22.
Bxd8 Qxd8 23.Qxe4 Qf6 24.Bxd5+ cxd5 25.Qxd5+ Kh8 26.Kh1 Qf4 27.Rf1 Nf6 28.
Rxf4 Nxd5 29.Rxf8+ Bxf8 30.Nxb7 Nxb4 31.Rc1 Nd5 32.c6 Nb6 33.c7 Nc8 34.d5 
1-0

[Event "interzonal (w)"]
[Site "Azov URS"]
[Date "1990.??.??"]
[Round "7"]
[White "Kachiani, Ketino"]
[Black "Peng Zhaoqin"]
[Result "1/2-1/2"]
[WhiteElo "2365"]
[BlackElo "2305"]
[EventDate "1990.06.??"]
[PlyCount "101"]

1.d4 Nf6 2.c4 g6 3.Nc3 Bg7 4.e4 d6 5.Be2 O-O 6.Bg5 h6 7.Be3 c5 8.dxc5 dxc5
9.e5 Qxd1+ 10.Rxd1 Ng4 11.Bxc5 Nxe5 12.Nd5 Nbc6 13.f4 Ng4 14.h3 Nf6 15.Bf3
Bf5 16.Ne2 Rfd8 17.Nxe7+ Nxe7 18.Rxd8+ Rxd8 19.Bxe7 Rd7 20.Bb4 Bd3 21.b3 
Ne4 22.Bxe4 Bxe4 23.Kf2 f5 24.Re1 Rd3 25.Rc1 Bb2 26.Rg1 Bf6 27.Rc1 Kf7 28.
Bc3 Bh4+ 29.Kf1 g5 30.Be5 Rd2 31.g3 Bd3 32.gxh4 gxf4 33.Bxf4 Bxe2+ 34.Ke1 
Rxa2 35.Bxh6 Bd3 36.Bd2 Bc2 37.b4 Bd3 38.h5 a6 39.Rc3 Ra1+ 40.Kf2 Be4 41.
Rg3 Rh1 42.h6 Rh2+ 43.Ke1 Rh1+ 44.Ke2 Rh2+ 45.Kd1 Rh1+ 46.Ke2 Rh2+ 47.Ke3 
Rg2 48.Rxg2 Bxg2 49.Kf4 Kg6 50.h4 Bf1 51.c5 1/2-1/2

[Event "interzonal (w)"]
[Site "Azov URS"]
[Date "1990.??.??"]
[Round "7"]
[White "Prudnikova, Svetlana"]
[Black "Basagic, Vesna"]
[Result "1-0"]
[WhiteElo "2265"]
[BlackElo "2270"]
[EventDate "1990.06.??"]
[PlyCount "57"]

1.d4 Nf6 2.c4 e6 3.Nc3 Bb4 4.f3 d5 5.a3 Bxc3+ 6.bxc3 c5 7.cxd5 exd5 8.e3 
O-O 9.Bd3 cxd4 10.cxd4 Nc6 11.Ne2 Re8 12.O-O Bd7 13.Ra2 Rc8 14.Ng3 a6 15.
Kh1 b5 16.Bb1 Qb6 17.Raf2 h5 18.Ne2 Rc7 19.Nf4 a5 20.Qd3 Kf8 21.Nxh5 Nxh5 
22.Qh7 Nf6 23.Qh8+ Ng8 24.Bh7 Re6 25.Qxg8+ Ke7 26.Qxg7 Be8 27.Bf5 Nd8 28.
e4 Rc4 29.Bg5+ 1-0

[Event "interzonal (w)"]
[Site "Azov URS"]
[Date "1990.??.??"]
[Round "7"]
[White "Klimova-Richtrova, Eliska"]
[Black "Uskova, Fliura"]
[Result "1/2-1/2"]
[WhiteElo "2355"]
[BlackElo "2290"]
[EventDate "1990.06.??"]
[PlyCount "35"]

1.d4 Nf6 2.Nf3 c5 3.c3 g6 4.Bf4 b6 5.e3 Bg7 6.Nbd2 Bb7 7.Bd3 d6 8.b4 Nbd7 
9.e4 O-O 10.O-O e5 11.dxe5 Nxe5 12.Bxe5 dxe5 13.Qe2 cxb4 14.cxb4 Qe7 15.
Rab1 Ne8 16.Nc4 Nc7 17.g3 Ne6 18.a3 1/2-1/2

[Event "interzonal (w)"]
[Site "Azov URS"]
[Date "1990.??.??"]
[Round "7"]
[White "Salazar Varon, Adriana"]
[Black "Chelushkina, Irina"]
[Result "1-0"]
[WhiteElo "2115"]
[BlackElo "2315"]
[EventDate "1990.06.??"]
[PlyCount "81"]

1.e4 c5 2.Nc3 Nc6 3.g3 g6 4.Bg2 Bg7 5.d3 Rb8 6.Be3 b5 7.Qd2 d6 8.f4 b4 9.
Nd1 Bb7 10.Nf3 Nf6 11.h3 O-O 12.O-O a5 13.f5 c4 14.Bh6 cxd3 15.cxd3 Qb6+ 
16.Kh2 Rbc8 17.fxg6 fxg6 18.Be3 Qb5 19.Ng5 Nh5 20.Rxf8+ Rxf8 21.Ne6 Qe5 
22.Nxf8 Qxg3+ 23.Kg1 Nd4 24.Qf2 Qxf2+ 25.Kxf2 Kxf8 26.Rc1 Ba6 27.Bf1 Be5 
28.Rc7 Bb5 29.Bh6+ Ke8 30.Bg5 Bd7 31.Ra7 a4 32.Rb7 Nc6 33.Bd2 Kd8 34.Be3 
Kc8 35.Rb6 Bg3+ 36.Kg2 Be1 37.d4 Kc7 38.d5 Nb8 39.Bb5 Bd2 40.Rxb8 Bxe3 41.
Nxe3 1-0

[Event "interzonal (w)"]
[Site "Azov URS"]
[Date "1990.??.??"]
[Round "7"]
[White "Voiska, Margarita"]
[Black "Battsetseg, Tsagaan"]
[Result "1-0"]
[WhiteElo "2335"]
[BlackElo "2230"]
[EventDate "1990.06.??"]
[PlyCount "81"]

1.d4 Nf6 2.Nf3 g6 3.g3 Bg7 4.Bg2 d6 5.O-O O-O 6.c4 Nbd7 7.Qc2 e5 8.Rd1 Qe7
9.Nc3 c6 10.e4 Re8 11.Rb1 exd4 12.Nxd4 a5 13.f3 Nc5 14.Be3 Nfd7 15.Bf2 Ne5
16.b3 a4 17.h3 axb3 18.axb3 Na6 19.Na2 Nc5 20.Nc1 Na6 21.f4 Nd7 22.Na2 Nf6
23.Re1 Nh5 24.Rbd1 Nc5 25.Nc3 Qc7 26.b4 Ne6 27.Nde2 h6 28.Kh1 Nf8 29.g4 
Nf6 30.Bf3 Ne6 31.Qd2 Ra3 32.Ra1 Rxa1 33.Rxa1 g5 34.f5 Nf8 35.Bg3 Nxe4 36.
Bxe4 Rxe4 37.Nxe4 Bxa1 38.Qxd6 Qd7 39.Qxh6 Qd1+ 40.Ng1 Nh7 41.f6 1-0

[Event "interzonal (w)"]
[Site "Azov URS"]
[Date "1990.??.??"]
[Round "8"]
[White "Amura, Claudia"]
[Black "Brustman, Agnieszka"]
[Result "1-0"]
[WhiteElo "2285"]
[BlackElo "2325"]
[EventDate "1990.06.??"]
[PlyCount "109"]

1.d4 Nf6 2.c4 g6 3.Nc3 Bg7 4.e4 d6 5.Be2 O-O 6.Bg5 c6 7.f4 Qa5 8.Qd2 h6 9.
Bh4 e5 10.fxe5 dxe5 11.d5 b5 12.cxb5 g5 13.Bg3 cxb5 14.Bd3 b4 15.Nd1 Nh5 
16.Ne2 f5 17.exf5 Bxf5 18.Bxf5 Rxf5 19.Bf2 Nf4 20.Ne3 Rf8 21.O-O Nd7 22.
Nxf4 exf4 23.Nc4 Qb5 24.Rac1 Nf6 25.d6 Ne4 26.Qd3 Nxf2 27.Rxf2 Rad8 28.Re2
Rd7 29.Rce1 Qf5 30.Qxf5 Rxf5 31.Re7 Rf7 32.R1e6 Rd8 33.Kf1 Bf8 34.Rg6+ Bg7
35.Rc7 Rdd7 36.Rc8+ Rf8 37.Rc7 Rff7 38.Rc6 Rf5 39.Re6 Rf8 40.Rc7 Rff7 41.
Re7 Rxc7 42.dxc7 Rxe7 43.c8=Q+ Bf8 44.h4 gxh4 45.Qg4+ Rg7 46.Qxh4 Rf7 47.
Ne5 Rc7 48.Qxf4 Bg7 49.Qg4 Rc1+ 50.Ke2 Rc2+ 51.Kd3 Rxb2 52.Qe6+ Kh7 53.
Qg6+ Kg8 54.Ng4 b3 55.Nf6+ 1-0